[Event "CZE-chT2C 2223"]
[Site "Czech Republic"]
[Date "2023.03.26"]
[Round "11.2"]
[White "Vichnar, David"]
[Black "Lechtynsky, Jiri"]
[Result "1-0"]
[WhiteElo "2331"]
[BlackElo "2317"]
[PlyCount "77"]
[EventDate "2022.10.16"]
[EventType "team-tourn"]
[EventRounds "11"]
[EventCountry "CZE"]
[SourceTitle "EXT 2024"]
[Source "ChessBase"]
[SourceDate "2023.10.10"]
[SourceVersion "1"]
[SourceVersionDate "2023.10.10"]
[SourceQuality "1"]
[WhiteTeam "Vysehrad"]
[BlackTeam "Praha DDM"]
[WhiteTeamCountry "CZE"]
[BlackTeamCountry "CZE"]

1. c4 g6 2. Nc3 Bg7 3. g3 d6 4. d4 Nf6 5. Nf3 0-0 6. Bg2 c6 7. 0-0 Qa5 8. e4 Bg4 9. h3 Bxf3 10. Bxf3 Nbd7 11. Rb1 a6 12. b4 Qc7 13. Be3 b5 14. Qd3 bxc4 15. Qxc4 Nb6 16. Qd3 Nfd7 17. Rfc1 Qb7 18. a4 Rfb8 19. Bg2 e5 20. f4 exd4 21. Bxd4 Bxd4+ 22. Qxd4 Nc8 23. Kh2 Qb6 24. Qd2 Ra7 25. Ne2 Rc7 26. Nd4 c5 27. bxc5 Qxb1 28. Rxb1 Rxb1 29. cxd6 Rcc1 30. e5 Rd1 31. Qc3 Rbc1 32. Qe3 Nc5 33. f5 Rc4 34. Nc6 Rc2 35. Nb4 Rc4 36. Nd5 Rc2 37. Qxc5 Rxc5 38. d7 Rdxd5 39. Bxd5 1-0

[Event "CZE-chT2C 2223"]
[Site "Czech Republic"]
[Date "2023.02.05"]
[Round "8.2"]
[White "Novotny, Jaroslav"]
[Black "Lechtynsky, Jiri"]
[Result "1-0"]
[WhiteElo "2145"]
[BlackElo "2317"]
[PlyCount "75"]
[EventDate "2022.10.16"]
[EventType "team-tourn"]
[EventRounds "11"]
[EventCountry "CZE"]
[SourceTitle "EXT 2024"]
[Source "ChessBase"]
[SourceDate "2023.10.10"]
[SourceVersion "1"]
[SourceVersionDate "2023.10.10"]
[SourceQuality "1"]
[WhiteTeam "Jicin"]
[BlackTeam "Praha DDM"]
[WhiteTeamCountry "CZE"]
[BlackTeamCountry "CZE"]

1. c4 g6 2. Nc3 Bg7 3. g3 Nf6 4. Bg2 0-0 5. d4 c6 6. e4 d6 7. Nge2 e5 8. 0-0 Be6 9. d5 cxd5 10. cxd5 Bd7 11. h3 b5 12. Be3 b4 13. Nb1 Qc8 14. Kh2 a5 15. Nd2 Bb5 16. a3 Nbd7 17. Re1 Nc5 18. Nc1 Nfd7 19. a4 Ba6 20. Ncb3 Nd3 21. Nxa5 f5 22. Nc6 Rf7 23. f4 exf4 24. gxf4 fxe4 25. Nxe4 Qf8 26. Ng5 Rf5 27. Ne6 Qf7 28. Nxg7 Qxg7 29. Bd4 Qh6 30. Ne7+ Kf8 31. Nxf5 Qxf4+ 32. Kh1 gxf5 33. Be3 Qh4 34. Rf1 Re8 35. Rxf5+ Kg7 36. Qd2 N7e5 37. Raf1 Bc8 38. Bg5 1-0

[Event "CZE-chT2C 2223"]
[Site "Czech Republic"]
[Date "2023.01.22"]
[Round "7.1"]
[White "Paulus, Vaclav"]
[Black "Lechtynsky, Jiri"]
[Result "0-1"]
[WhiteElo "2192"]
[BlackElo "2317"]
[PlyCount "68"]
[EventDate "2022.10.16"]
[EventType "team-tourn"]
[EventRounds "11"]
[EventCountry "CZE"]
[SourceTitle "EXT 2024"]
[Source "ChessBase"]
[SourceDate "2023.10.10"]
[SourceVersion "1"]
[SourceVersionDate "2023.10.10"]
[SourceQuality "1"]
[WhiteTeam "Ceska Lipa"]
[BlackTeam "Praha DDM"]
[WhiteTeamCountry "CZE"]
[BlackTeamCountry "CZE"]

1. e4 d6 2. d4 Nf6 3. Nc3 g6 4. f3 c6 5. Be3 b5 6. Qd2 Nbd7 7. g4 h6 8. 0-0-0 b4 9. Nce2 Rb8 10. h4 a5 11. Ng3 Nb6 12. g5 hxg5 13. hxg5 Rxh1 14. Nxh1 Nh5 15. f4 Be6 16. d5 cxd5 17. f5 gxf5 18. Bxb6 Qxb6 19. exd5 Bd7 20. Be2 Ng7 21. Nh3 a4 22. g6 fxg6 23. Qg5 b3 24. axb3 axb3 25. Qxg6+ Kd8 26. Qg1 Qa5 27. cxb3 Rxb3 28. Bd3 Qa1+ 29. Kd2 Qxb2+ 30. Bc2 Qc3+ 31. Kc1 Qa1+ 32. Kd2 Qa5+ 33. Kc1 Ra3 34. Ng3 Ra1+ 0-1

[Event "CZE-chT2C 2223"]
[Site "Czech Republic"]
[Date "2022.12.18"]
[Round "5.2"]
[White "Lechtynsky, Jiri"]
[Black "Vitak, Jiri"]
[Result "1/2-1/2"]
[WhiteElo "2317"]
[BlackElo "2215"]
[PlyCount "125"]
[EventDate "2022.10.16"]
[EventType "team-tourn"]
[EventRounds "11"]
[EventCountry "CZE"]
[SourceTitle "EXT 2024"]
[Source "ChessBase"]
[SourceDate "2023.10.10"]
[SourceVersion "1"]
[SourceVersionDate "2023.10.10"]
[SourceQuality "1"]
[WhiteTeam "Praha DDM"]
[BlackTeam "Liberec"]
[WhiteTeamCountry "CZE"]
[BlackTeamCountry "CZE"]

1. Nf3 Nf6 2. c4 g6 3. Nc3 Bg7 4. d4 c5 5. e3 0-0 6. Be2 cxd4 7. Nxd4 Nc6 8. 0-0 d5 9. cxd5 Nxd5 10. Nxd5 Qxd5 11. Bf3 Qc5 12. Bxc6 bxc6 13. Qa4 Bd7 14. Rd1 Qb6 15. Bd2 c5 16. Qxd7 cxd4 17. Rab1 e6 18. b4 a6 19. Qa4 Rfd8 20. Qb3 Rd6 21. exd4 Bxd4 22. Be1 Rad8 23. a4 Rd5 24. Rd2 Qd6 25. Qc2 h5 26. b5 axb5 27. Rxb5 e5 28. Qc4 Rxb5 29. axb5 Qb6 30. Ra2 Rb8 31. Ra6 Qxb5 32. Rxg6+ Kf8 33. Qxb5 Rxb5 34. Rc6 Rb2 35. g3 Kg7 36. Kg2 Re2 37. Rc1 Kg6 38. h3 f6 39. Kf3 Ra2 40. Rc8 Ba7 41. Rg8+ Kf7 42. Ra8 Ke6 43. g4 hxg4+ 44. Kxg4 Ra4+ 45. Kf3 Ra3+ 46. Kg2 Bc5 47. Rxa3 Bxa3 48. f3 Bc1 49. h4 f5 50. Kh3 Kf6 51. Ba5 Kg6 52. Bc7 Bb2 53. Bd6 Kh5 54. Bc7 Bc3 55. Bd6 e4 56. fxe4 fxe4 57. Kg3 Bd2 58. Be7 Be1+ 59. Kf4 Bxh4 60. Bxh4 e3 61. Be1 e2 62. Kf3 Kg6 63. Kxe2 1/2-1/2

[Event "CZE-chT2C 2223"]
[Site "Czech Republic"]
[Date "2022.12.04"]
[Round "4.2"]
[White "Kaderabek, Jiri"]
[Black "Lechtynsky, Jiri"]
[Result "1/2-1/2"]
[WhiteElo "2054"]
[BlackElo "2317"]
[PlyCount "62"]
[EventDate "2022.10.16"]
[EventType "team-tourn"]
[EventRounds "11"]
[EventCountry "CZE"]
[SourceTitle "EXT 2024"]
[Source "ChessBase"]
[SourceDate "2023.10.10"]
[SourceVersion "1"]
[SourceVersionDate "2023.10.10"]
[SourceQuality "1"]
[WhiteTeam "Bakov nad Jizerou"]
[BlackTeam "Praha DDM"]
[WhiteTeamCountry "CZE"]
[BlackTeamCountry "CZE"]

1. e4 c5 2. Nf3 g6 3. g3 Bg7 4. Bg2 Nc6 5. 0-0 d6 6. c3 e5 7. d3 Nge7 8. a3 0-0 9. b4 b6 10. Bb2 h6 11. Nbd2 Ba6 12. Ne1 Rb8 13. Kh1 Kh7 14. f4 exf4 15. gxf4 f5 16. Qa4 b5 17. Qc2 Rc8 18. Nb3 cxb4 19. axb4 Bb7 20. Qd2 Ra8 21. Nc2 a5 22. bxa5 Nxa5 23. Nbd4 Qd7 24. Rab1 fxe4 25. dxe4 Nc4 26. Qd3 Rab8 27. Bc1 Ba8 28. Nb4 Qg4 29. Rg1 Bxd4 30. cxd4 Rf7 31. Na6 Rb6 1/2-1/2

[Event "CZE-chT1W 2122"]
[Site "Czech Republic"]
[Date "2022.03.06"]
[Round "10.1"]
[White "Lechtynsky, Jiri"]
[Black "Priehoda, Vitezslav"]
[Result "1/2-1/2"]
[WhiteElo "2325"]
[BlackElo "2268"]
[PlyCount "40"]
[EventDate "2021.10.10"]
[EventType "team-tourn"]
[EventRounds "11"]
[EventCountry "CZE"]
[SourceTitle "EXT 2023"]
[Source "ChessBase"]
[SourceDate "2022.10.05"]
[SourceVersion "1"]
[SourceVersionDate "2022.10.05"]
[SourceQuality "1"]
[WhiteTeam "Ceske Budejovice"]
[BlackTeam "Lysa nad Labem III"]
[WhiteTeamCountry "CZE"]
[BlackTeamCountry "CZE"]

1. Nf3 Nf6 2. c4 e6 3. g3 d5 4. Bg2 Be7 5. 0-0 0-0 6. b3 c5 7. cxd5 Nxd5 8. Bb2 Nc6 9. Na3 b6 10. Nc4 Bb7 11. d4 Nxd4 12. Nxd4 cxd4 13. Qxd4 Bf6 14. Qd2 Bxb2 15. Qxb2 Qe7 16. Rfd1 Rfd8 17. Rd2 Nf6 18. Bxb7 Rxd2 19. Qxd2 Qxb7 20. Rd1 h6 1/2-1/2

[Event "CZE-chT1W 1920"]
[Site "Czech Republic"]
[Date "2020.06.14"]
[Round "11.2"]
[White "Lechtynsky, Jiri"]
[Black "Rasik, Vitezslav"]
[Result "1/2-1/2"]
[WhiteElo "2340"]
[BlackElo "2470"]
[PlyCount "27"]
[EventDate "2019.10.20"]
[EventType "team-tourn"]
[EventRounds "11"]
[EventCountry "CZE"]
[SourceTitle "EXT 2021"]
[Source "ChessBase"]
[SourceDate "2020.10.23"]
[SourceVersion "1"]
[SourceVersionDate "2020.10.23"]
[SourceQuality "1"]
[WhiteTeam "Ceske Budejovice"]
[BlackTeam "Neratovice"]
[WhiteTeamCountry "CZE"]
[BlackTeamCountry "CZE"]

1. d4 d6 2. Nf3 g6 3. c4 Bg7 4. Nc3 Nf6 5. Bg5 0-0 6. e3 c5 7. Be2 cxd4 8. Nxd4 Qa5 9. Bxf6 Bxf6 10. 0-0 Bg7 11. Qd2 Nc6 12. Rfd1 a6 13. a3 Nxd4 14. exd4 1/2-1/2

[Event "WchT Seniors 65"]
[Site "Prague"]
[Date "2020.03.11"]
[Round "6.3"]
[White "Lechtynsky, Jiri"]
[Black "Boudre, Jean Pierre"]
[Result "0-1"]
[WhiteElo "2330"]
[BlackElo "2263"]
[PlyCount "98"]
[EventDate "2020.03.06"]
[EventType "team-swiss"]
[EventRounds "7"]
[EventCountry "CZE"]
[SourceTitle "CBM 195 Extra"]
[Source "ChessBase"]
[SourceDate "2020.05.31"]
[SourceVersion "1"]
[SourceVersionDate "2020.05.31"]
[SourceQuality "1"]
[WhiteTeam "Czech Republic 65"]
[BlackTeam "France 65"]
[WhiteTeamCountry "CZE"]
[BlackTeamCountry "FRA"]

1. d4 Nf6 2. Nf3 e6 3. c4 Bb4+ 4. Bd2 Qe7 5. Nc3 b6 6. g3 Bb7 7. Bg2 0-0 8. 0-0 d6 9. a3 Bxc3 10. Bxc3 Nbd7 11. b4 Be4 12. Qd2 Rfe8 13. Rfd1 e5 14. Bb2 exd4 15. Qxd4 Rad8 16. Qc3 h6 17. Rd2 a5 18. Rad1 axb4 19. axb4 Ra8 20. Bh3 Bxf3 21. exf3 Qe5 22. Qc2 Qh5 23. Bg2 Re6 24. Qc3 Rae8 25. Rd4 Re2 26. Bf1 R2e5 27. Rh4 Qf5 28. f4 Re2 29. Bxe2 Rxe2 30. Re1 Qe4 31. Rxe2 Qxe2 32. Kg2 Kf8 33. Ba1 c5 34. b5 Qe4+ 35. f3 Qe2+ 36. Kg1 d5 37. cxd5 Nxd5 38. Qxg7+ Ke7 39. Rxh6 Qe1+ 40. Kg2 Ne3+ 41. Kh3 Qf1+ 42. Kh4 Nf5+ 43. Kg4 Nxg7 44. Bxg7 Qxb5 45. h4 Qd3 46. Rh5 f6 47. Rh6 Kf7 48. Bh8 c4 49. h5 c3 0-1

[Event "CZE-chT1W 1920"]
[Site "Czech Republic"]
[Date "2020.03.01"]
[Round "9.3"]
[White "Lechtynsky, Jiri"]
[Black "Plischki, Sebastian"]
[Result "1/2-1/2"]
[WhiteElo "2340"]
[BlackElo "2391"]
[PlyCount "37"]
[EventDate "2019.10.20"]
[EventType "team-tourn"]
[EventRounds "11"]
[EventCountry "CZE"]
[SourceTitle "CBM 195 Extra"]
[Source "ChessBase"]
[SourceDate "2020.05.31"]
[SourceVersion "1"]
[SourceVersionDate "2020.05.31"]
[SourceQuality "1"]
[WhiteTeam "Ceske Budejovice"]
[BlackTeam "Praha DP EA Hotels"]
[WhiteTeamCountry "CZE"]
[BlackTeamCountry "CZE"]

1. d4 Nf6 2. Nf3 g6 3. Bg5 Bg7 4. e3 d6 5. Be2 h6 6. Bh4 g5 7. Bg3 Nh5 8. c3 e6 9. Nfd2 Nxg3 10. hxg3 Qe7 11. g4 Nd7 12. Ne4 d5 13. Ng3 Nf6 14. Nd2 Bd7 15. a4 c5 16. dxc5 Qxc5 17. Nb3 Qc7 18. Nd4 a6 19. Qc2 1/2-1/2

[Event "CZE-chT1W 1920"]
[Site "Czech Republic"]
[Date "2020.01.19"]
[Round "6.6"]
[White "Vavra, Pavel"]
[Black "Lechtynsky, Jiri"]
[Result "1-0"]
[WhiteElo "2342"]
[BlackElo "2340"]
[PlyCount "115"]
[EventDate "2019.10.20"]
[EventType "team-tourn"]
[EventRounds "11"]
[EventCountry "CZE"]
[SourceTitle "CBM 194 Extra"]
[Source "ChessBase"]
[SourceDate "2020.03.31"]
[SourceVersion "1"]
[SourceVersionDate "2020.03.31"]
[SourceQuality "1"]
[WhiteTeam "Vysehrad"]
[BlackTeam "Ceske Budejovice"]
[WhiteTeamCountry "CZE"]
[BlackTeamCountry "CZE"]

1. d4 Nf6 2. Bg5 Ne4 3. Bf4 d5 4. e3 g6 5. Be5 f6 6. Bf4 Bg7 7. Nf3 0-0 8. Nc3 Nc6 9. Nxe4 dxe4 10. Nd2 e5 11. dxe5 f5 12. h4 Nxe5 13. Nc4 Nf7 14. Qxd8 Rxd8 15. Bxc7 Rd7 16. Ba5 b6 17. Bb4 b5 18. Na5 a6 19. a4 Bxb2 20. Rb1 Bf6 21. axb5 axb5 22. Bxb5 Rc7 23. c4 Be6 24. h5 Ne5 25. 0-0 gxh5 26. Bd6 Rg7 27. Bxe5 Bxe5 28. Nc6 Bc7 29. Nd4 Kf7 30. Ra1 Rag8 31. g3 Bc8 32. c5 Kf6 33. Bc4 Rd8 34. Ba6 Bd7 35. c6 Be6 36. Kg2 f4 37. Nxe6 f3+ 38. Kh3 Kxe6 39. Ra4 Ke5 40. Ra2 Rd6 41. Rc1 Bd8 42. Rac2 Bc7 43. Bc8 Rd5 44. Bd7 Re7 45. Rc5 Kd6 46. Rxd5+ Kxd5 47. Rb1 Re5 48. Rb5+ Kc4 49. Rb7 Bd6 50. c7 Bxc7 51. Rxc7+ Kd3 52. g4 hxg4+ 53. Kxg4 Ra5 54. Bf5 Ra2 55. Kf4 Ra4 56. Rxh7 Ke2 57. Bxe4 Kxf2 58. Rh3 1-0

[Event "CZE-chT1W 1920"]
[Site "Czech Republic"]
[Date "2020.01.05"]
[Round "5.1"]
[White "Priehoda, Vitezslav"]
[Black "Lechtynsky, Jiri"]
[Result "1/2-1/2"]
[WhiteElo "2344"]
[BlackElo "2340"]
[PlyCount "50"]
[EventDate "2019.10.20"]
[EventType "team-tourn"]
[EventRounds "11"]
[EventCountry "CZE"]
[SourceTitle "CBM 194 Extra"]
[Source "ChessBase"]
[SourceDate "2020.03.31"]
[SourceVersion "1"]
[SourceVersionDate "2020.03.31"]
[SourceQuality "1"]
[WhiteTeam "Lysa nad Labem III"]
[BlackTeam "Ceske Budejovice"]
[WhiteTeamCountry "CZE"]
[BlackTeamCountry "CZE"]

1. d4 Nf6 2. c4 e6 3. Nc3 Bb4 4. Qc2 c5 5. dxc5 0-0 6. a3 Bxc5 7. Nf3 Nc6 8. Bg5 Nd4 9. Nxd4 Bxd4 10. e3 Qa5 11. exd4 Qxg5 12. Qd2 Qxd2+ 13. Kxd2 b6 14. Bd3 Ba6 15. Rhc1 Rfc8 16. Ne4 Nxe4+ 17. Bxe4 Rab8 18. b3 Kf8 19. a4 Ke7 20. h4 Bb7 21. Bxb7 Rxb7 22. Rc3 Rbc7 23. Rac1 d6 24. Kd3 a5 25. Kd2 Rc6 1/2-1/2

[Event "CZE-chT1W 1920"]
[Site "Czech Republic"]
[Date "2019.11.24"]
[Round "3.2"]
[White "Petr, Martin"]
[Black "Lechtynsky, Jiri"]
[Result "1/2-1/2"]
[WhiteElo "2460"]
[BlackElo "2340"]
[PlyCount "59"]
[EventDate "2019.10.20"]
[EventType "team-tourn"]
[EventRounds "11"]
[EventCountry "CZE"]
[SourceTitle "CBM 193 Extra"]
[Source "ChessBase"]
[SourceDate "2020.01.31"]
[SourceVersion "1"]
[SourceVersionDate "2020.01.31"]
[SourceQuality "1"]
[WhiteTeam "Line"]
[BlackTeam "Ceske Budejovice"]
[WhiteTeamCountry "CZE"]
[BlackTeamCountry "CZE"]

1. e4 c6 2. d4 d5 3. exd5 cxd5 4. c4 Nf6 5. Nc3 e6 6. Nf3 Bb4 7. cxd5 Nxd5 8. Bd2 Nc6 9. Bd3 0-0 10. 0-0 Be7 11. a3 Bf6 12. Be3 g6 13. Rc1 Nxc3 14. bxc3 b6 15. Be4 Bb7 16. c4 Qd7 17. Qd3 Rfd8 18. Rfd1 Rac8 19. h4 Ne7 20. Bg5 Bxe4 21. Qxe4 Bxg5 22. hxg5 Nf5 23. Ne5 Qe7 24. Nc6 Rxc6 25. Qxc6 Nxd4 26. Qe4 Qxg5 27. Rc3 e5 28. Re1 Qd2 29. Rcc1 Qg5 30. Rc3 1/2-1/2

[Event "CZE-chT1W 1920"]
[Site "Czech Republic"]
[Date "2019.10.20"]
[Round "1.3"]
[White "Havelka, Josef"]
[Black "Lechtynsky, Jiri"]
[Result "1-0"]
[WhiteElo "2380"]
[BlackElo "2340"]
[PlyCount "119"]
[EventDate "2019.10.20"]
[EventType "team-tourn"]
[EventRounds "11"]
[EventCountry "CZE"]
[SourceTitle "CBM 192 Extra"]
[Source "Chessbase"]
[SourceDate "2019.11.06"]
[SourceVersion "1"]
[SourceVersionDate "2019.11.06"]
[SourceQuality "1"]
[WhiteTeam "Praha Oaza"]
[BlackTeam "Ceske Budejovice"]
[WhiteTeamCountry "CZE"]
[BlackTeamCountry "CZE"]

1. e4 e6 2. d4 d5 3. Nd2 dxe4 4. Nxe4 Bd7 5. Nf3 Bc6 6. Bd3 Nd7 7. 0-0 Bxe4 8. Bxe4 c6 9. c4 Ngf6 10. Bc2 Qc7 11. Qe2 Be7 12. b3 0-0 13. Bb2 Rfe8 14. Rad1 Rad8 15. Ne5 Nxe5 16. dxe5 Rxd1 17. Rxd1 Nd7 18. Qd3 Nf8 19. Bc3 Rd8 20. Qe3 Rxd1+ 21. Bxd1 a5 22. Bc2 Bb4 23. Bb2 Qd8 24. g3 Qd2 25. Qxd2 Bxd2 26. Kf1 Bb4 27. Ke2 Nd7 28. f4 Kf8 29. g4 h6 30. h4 g6 31. h5 gxh5 32. gxh5 Ke7 33. f5 f6 34. fxe6 Kxe6 35. exf6 Nxf6 36. Bg6 Bf8 37. Bc1 Ng4 38. Bd2 Bb4 39. Bf4 Bd6 40. Bc1 Bf8 41. Be4 Ne5 42. a4 Nd7 43. Bd2 Nc5 44. Bc2 b6 45. Kf3 Nd7 46. Bf4 Ne5+ 47. Ke2 c5 48. Ke3 Be7 49. Ke4 Nd7 50. Bd1 Nf6+ 51. Kd3 Kf5 52. Bxh6 Nd7 53. Ke3 Ne5 54. Bc2+ Ke6 55. Bf4 Ng4+ 56. Ke2 Bf8 57. Bc7 Ne5 58. Be4 Nd7 59. Bc6 Nf6 60. Bf3 1-0

[Event "CZE-chT1W 1819"]
[Site "Czech Republic"]
[Date "2019.03.24"]
[Round "10.4"]
[White "Studnicka, Tomas"]
[Black "Lechtynsky, Jiri"]
[Result "1-0"]
[WhiteElo "2303"]
[BlackElo "2346"]
[PlyCount "89"]
[EventDate "2018.10.21"]
[EventType "team-tourn"]
[EventRounds "11"]
[EventCountry "CZE"]
[SourceTitle "CBM 189 Extra"]
[Source "ChessBase"]
[SourceDate "2019.06.03"]
[SourceVersion "1"]
[SourceVersionDate "2019.06.03"]
[SourceQuality "1"]
[WhiteTeam "Turnov Zikuda II"]
[BlackTeam "Ceske Budejovice"]
[WhiteTeamCountry "CZE"]
[BlackTeamCountry "CZE"]

1. d4 Nf6 2. Bf4 e6 3. e3 d5 4. Nd2 Bd6 5. Bg3 c5 6. c3 0-0 7. Ngf3 Nc6 8. Bd3 b6 9. e4 Bxg3 10. hxg3 g6 11. e5 Nd7 12. a3 a5 13. Qe2 f6 14. Bb5 Bb7 15. Qe3 Qe7 16. Bxc6 Bxc6 17. exf6 Qxf6 18. Ng5 h5 19. f4 cxd4 20. cxd4 Bb5 21. Ngf3 Rac8 22. Kf2 Rc2 23. Qb3 Rxd2+ 24. Nxd2 Qxd4+ 25. Qe3 Qf6 26. Rhe1 e5 27. Kg1 e4 28. Nxe4 dxe4 29. Qb3+ Rf7 30. Qxb5 h4 31. Rxe4 hxg3 32. Qg5 Qxb2 33. Rf1 Qxa3 34. Qxg6+ Rg7 35. Qe6+ Kh8 36. Qe8+ Nf8 37. Qh5+ Kg8 38. Qd5+ Kh7 39. f5 Qc5+ 40. Qxc5 bxc5 41. Ra4 Nd7 42. Rxa5 Nf6 43. Rxc5 Rg4 44. Rc6 Kg7 45. Rf3 1-0

[Event "CZE-chT1W 1819"]
[Site "Czech Republic"]
[Date "2019.03.03"]
[Round "9.4"]
[White "Lechtynsky, Jiri"]
[Black "Priehoda, Vitezslav"]
[Result "1/2-1/2"]
[WhiteElo "2346"]
[BlackElo "2354"]
[PlyCount "39"]
[EventDate "2018.10.21"]
[EventType "team-tourn"]
[EventRounds "11"]
[EventCountry "CZE"]
[SourceTitle "CBM 189 Extra"]
[Source "ChessBase"]
[SourceDate "2019.06.03"]
[SourceVersion "1"]
[SourceVersionDate "2019.06.03"]
[SourceQuality "1"]
[WhiteTeam "Ceske Budejovice"]
[BlackTeam "Lysa nad Labem III"]
[WhiteTeamCountry "CZE"]
[BlackTeamCountry "CZE"]

1. Nf3 d5 2. d4 Nf6 3. c4 e6 4. Nc3 dxc4 5. e3 a6 6. Bxc4 c5 7. 0-0 b5 8. Be2 Bb7 9. dxc5 Qxd1 10. Rxd1 Bxc5 11. b3 Nbd7 12. Bb2 Ke7 13. Rac1 Rac8 14. Nd4 Rhd8 15. Bf3 Bxf3 16. Nxf3 Rc7 17. Ne2 Rdc8 18. Ne5 Nxe5 19. Bxe5 Rc6 20. Bb2 1/2-1/2

[Event "CZE-chT1W 1819"]
[Site "Czech Republic"]
[Date "2018.11.25"]
[Round "3.2"]
[White "Lechtynsky, Jiri"]
[Black "Sharashenidze, Akaki"]
[Result "1/2-1/2"]
[WhiteElo "2346"]
[BlackElo "2354"]
[PlyCount "52"]
[EventDate "2018.10.21"]
[EventType "team-tourn"]
[EventRounds "11"]
[EventCountry "CZE"]
[SourceTitle "CBM 187 Extra"]
[Source "ChessBase"]
[SourceDate "2018.11.04"]
[SourceVersion "1"]
[SourceVersionDate "2018.11.04"]
[SourceQuality "1"]
[WhiteTeam "Ceske Budejovice"]
[BlackTeam "Kozolupy"]
[WhiteTeamCountry "CZE"]
[BlackTeamCountry "CZE"]

1. d4 d5 2. Nf3 c6 3. c4 e6 4. cxd5 cxd5 5. Nc3 Nf6 6. Bf4 a6 7. e3 Nc6 8. Bd3 Bd6 9. Bg3 b5 10. Rc1 Bb7 11. Ne5 Na5 12. 0-0 0-0 13. Bh4 Be7 14. Qf3 Rc8 15. b3 Nc6 16. Nxc6 Rxc6 17. Nb1 Qb6 18. Qe2 Rfc8 19. Rxc6 Rxc6 20. Nd2 Qc7 21. Nf3 Ne4 22. Bxe7 Qxe7 23. Qb2 f6 24. Rc1 Qc7 25. Rxc6 Qxc6 26. Qc2 a5 1/2-1/2

[Event "CZE-ch"]
[Site "Ostrava"]
[Date "2018.04.30"]
[Round "3"]
[White "Lechtynsky, Jiri"]
[Black "Biolek, Richard Jr"]
[Result "0-1"]
[WhiteElo "2349"]
[BlackElo "2447"]
[PlyCount "80"]
[EventDate "2018.04.28"]
[EventType "swiss"]
[EventRounds "9"]
[EventCountry "CZE"]
[SourceTitle "CBM 184 Extra"]
[Source "ChessBase"]
[SourceDate "2018.06.28"]
[SourceVersion "1"]
[SourceVersionDate "2018.06.28"]
[SourceQuality "1"]

1. d4 Nf6 2. Nf3 g6 3. c4 Bg7 4. Nc3 0-0 5. Bg5 c5 6. d5 h6 7. Bf4 d6 8. e4 e6 9. Be2 exd5 10. exd5 Bf5 11. 0-0 Ne4 12. Nxe4 Bxe4 13. Bd3 Bxd3 14. Qxd3 Qf6 15. Qd2 Kh7 16. Rae1 Nd7 17. Re2 Rfe8 18. Rfe1 Rxe2 19. Rxe2 Rb8 20. a4 a6 21. Bg3 b5 22. cxb5 axb5 23. a5 c4 24. h4 b4 25. Qc2 c3 26. bxc3 bxc3 27. h5 Rb2 28. hxg6+ fxg6 29. Qd1 Qf5 30. Re1 c2 31. Qd2 Nc5 32. Nh4 Qd3 33. Bf4 Rb1 34. Nf3 Rd1 35. Qe3 c1Q 36. Qxc1 Rxc1 37. Bxc1 Qxd5 38. Bd2 Nb3 39. Bf4 Nxa5 40. Re7 Nc4 0-1

[Event "CZE-chT1W 1718"]
[Site "Czech Republic"]
[Date "2018.03.04"]
[Round "9.2"]
[White "Lechtynsky, Jiri"]
[Black "Svoboda, Svatopluk"]
[Result "1/2-1/2"]
[WhiteElo "2362"]
[BlackElo "2419"]
[PlyCount "37"]
[EventDate "2017.10.29"]
[EventType "team-tourn"]
[EventRounds "11"]
[EventCountry "CZE"]
[SourceTitle "EXT 2019"]
[Source "ChessBase"]
[SourceDate "2018.10.10"]
[SourceVersion "1"]
[SourceVersionDate "2018.10.10"]
[SourceQuality "1"]
[WhiteTeam "Ceske Budejovice"]
[BlackTeam "Pankrac"]
[WhiteTeamCountry "CZE"]
[BlackTeamCountry "CZE"]

1. c4 f5 2. Nf3 Nf6 3. g3 e6 4. Bg2 d5 5. 0-0 Bd6 6. d4 c6 7. b3 Qe7 8. Bb2 Nbd7 9. Qc1 b6 10. Ba3 Bxa3 11. Qxa3 Bb7 12. Rc1 Qxa3 13. Nxa3 Ke7 14. Nc2 Rac8 15. cxd5 cxd5 16. Nce1 Rxc1 17. Rxc1 Rc8 18. Rxc8 Bxc8 19. e3 1/2-1/2

[Event "Oberliga Ost-A 1718"]
[Site "Germany"]
[Date "2018.02.04"]
[Round "7.1"]
[White "Osmanodja, Filiz"]
[Black "Lechtynsky, Jiri"]
[Result "1/2-1/2"]
[WhiteElo "2273"]
[BlackElo "2367"]
[PlyCount "37"]
[EventDate "2017.10.22"]
[EventType "team-tourn"]
[EventRounds "11"]
[EventCountry "GER"]
[SourceTitle "EXT 2019"]
[Source "ChessBase"]
[SourceDate "2018.10.10"]
[SourceVersion "1"]
[SourceVersionDate "2018.10.10"]
[SourceQuality "1"]
[WhiteTeam "Dresden USV TU II"]
[BlackTeam "Hoyerswerda"]
[WhiteTeamCountry "GER"]
[BlackTeamCountry "GER"]

1. e4 c6 2. d4 d5 3. Nc3 dxe4 4. Nxe4 Nf6 5. Nxf6+ exf6 6. c3 Bd6 7. Bd3 0-0 8. Qc2 Re8+ 9. Ne2 g6 10. 0-0 Nd7 11. Bh6 f5 12. Qd2 Nf6 13. Ng3 Ng4 14. Bf4 Bxf4 15. Qxf4 Be6 16. b3 Qb8 17. Qg5 Qd8 18. Qf4 Qb8 19. Qg5 1/2-1/2

[Event "Oberliga Ost-A 1718"]
[Site "Germany"]
[Date "2017.12.10"]
[Round "4.1"]
[White "Eichner, Sebastian"]
[Black "Lechtynsky, Jiri"]
[Result "1/2-1/2"]
[WhiteElo "2364"]
[BlackElo "2367"]
[PlyCount "50"]
[EventDate "2017.10.22"]
[EventType "team-tourn"]
[EventRounds "11"]
[EventCountry "GER"]
[SourceTitle "EXT 2019"]
[Source "ChessBase"]
[SourceDate "2018.10.10"]
[SourceVersion "1"]
[SourceVersionDate "2018.10.10"]
[SourceQuality "1"]
[WhiteTeam "Aue Nickelhuette II"]
[BlackTeam "Hoyerswerda"]
[WhiteTeamCountry "GER"]
[BlackTeamCountry "GER"]

1. d4 Nf6 2. c4 e6 3. Nf3 b6 4. g3 Bb7 5. Bg2 Bb4+ 6. Nbd2 c5 7. 0-0 cxd4 8. Nb3 Be7 9. Nbxd4 a6 10. b3 0-0 11. Bb2 d6 12. Rc1 Nbd7 13. Rc2 Qc7 14. Qa1 Be4 15. Rd2 Rfe8 16. Rfd1 Bf8 17. Bh3 Bb7 18. Rc2 h6 19. Ne1 Rac8 20. Bg2 Bxg2 21. Kxg2 Qb7+ 22. Kg1 d5 23. cxd5 Rxc2 24. Ndxc2 Nxd5 25. Ng2 N7f6 1/2-1/2